| 000 | 01345nam0a22002531 4500 | ||
|---|---|---|---|
| 001 | rc\4774887 | ||
| 005 | 20250613070531.0 | ||
| 021 |
_aRU _b[62-90297] |
||
| 035 | _a(NLR Aleph) 009001984 | ||
| 090 |
_a9312997 _c9312998 |
||
| 100 | _a20130417d1962 |||y0rusy50 ca | ||
| 101 | 0 | _arus | |
| 102 | _aRU | ||
| 105 | _ay z ||||| | ||
| 200 | 1 |
_aМетодические основы проектирования унифицированного семейства автомобилей большой грузоподъемности и автобусов средней вместимости _eДоклад, обобщающий содержание конструкторских и науч. работ, выполненных и внедренных в производство, представл. на соискание учен. степени доктора техн. наук _fМ-во высш. и сред. спец. образования РСФСР. Моск. автомоб.-дор. ин-т |
|
| 210 |
_aМосква _cБ. и. _d1962 |
||
| 215 |
_a43 с. _d21 |
||
| 320 | _aСписок работ автора: с. 36-42 (58 назв.) | ||
| 700 | 1 |
_aОсепчугов _bВ.В. _gВиктор Васильевич |
|
| 801 | 0 |
_aRU _bNLR _gpsbo |
|
| 801 | 1 |
_aRU _bELAR _2rusmarc |
|
| 852 |
_aNLR _j63-6/1902 |
||
| 942 | _cBOOK | ||
| 980 | _aNB | ||